Devine le personnage harry potter #4 - Statistiques

Statistiques générales
  • Ce quiz a été pris 339 fois
  • Le résultat moyen est 9 sur 10
Statistiques - réponses
Hint Indice Réponse % Correct
1 Serpentard, blond Drago Malefoy
100%
7 Mort, poufsouffle, tournoi Cédric Diggory
97%
8 Jumeaux, mort Fred Weasley
96%
5 Demi géant, animaux Rubeus Hagrid
93%
4 Blond, appareil photo Colin Crivey
88%
6 Quidditch, professeur Renée Bibine
86%
2 Chat, roux Pattenrond
85%
9 Auror, métamorphomage Nymphadora Tonks
84%
10 Fondateur, coupe Helga Poufsouffle
78%
3 Professeur, choipeaux flou Minerva McGonagall
72%
Aucun quiz correspondant
Distribution des résultats
% des personnes avec chaque résultat
Percentile par nombre de réponses
Votre historique - résultats
Vous n’avez pas pris ce quiz